| 000 | 00468nam a2200181Ia 4500 | ||
|---|---|---|---|
| 003 | GCL | ||
| 008 | 140319s9999 xx 000 0 eng d | ||
| 040 |
_aGCL / _cGCL |
||
| 082 | 0 | 4 |
_a729 _bH F |
| 100 | 1 | _aHEINZ, T | |
| 245 | 1 | 0 |
_aFRANK LLOYD WRIGHT: INTERIORS AND FURNITURE / _cHEINZ, T |
| 260 |
_a[S.N] : _bACADEMY EDITIONS ، _c1994 |
||
| 300 | _a264 P | ||
| 650 | 0 | 4 | _aFURNITURE |
| 650 | 0 | 4 | _aINTERIOR DESIGN |
| 650 | 0 | 4 | _aWRIGHT, FRANK LIOYD |
| 942 |
_2ddc _cBK |
||
| 999 |
_c11037 _d11037 |
||